000 00663nam a22001937a 4500
005 20100731102013.0
010 _aENG-97451
020 _a9780415585644
_c595.00
035 _aEN-80984
037 _bDBAD/PUB
082 _aS
100 _aSahni, Kalpana
_93552
245 _aMulti-stories :
_bcroos- cultural encounters /
_cby kalpana Sahni
260 _aNew Delhi
_bRoutledge
_c2010
270 _a912 Tolstoy House, 15-17 Tolsty Marg.
_bNew Delhi
_e110 001
300 _axii, 192p:
_bill
_c22 cm (Hb)
942 _2ddc
_cEN
_hS
_mSAH
999 _c38348
_d38348